| 000 | 04243nam0a2200445 4500 | ||
|---|---|---|---|
| 001 | RU\NLR\BIBL_A\012851064 | ||
| 005 | 20230606122651.0 | ||
| 010 | _a978-5-9293-2897-8 | ||
| 021 |
_aRU _bКН-П-22-028654 _9КН-П-22-2455 |
||
| 035 | _a(NLR Aleph) 012851064 | ||
| 035 | _a(RuMoRGB)011062544 | ||
| 090 |
_a12427510 _c12427510 |
||
| 100 | _a20220720d2021 k y0rusy50 ca | ||
| 101 | 0 |
_arus _akaz _deng |
|
| 102 | _aRU | ||
| 105 | _aac||z|||100zy | ||
| 181 | 0 |
_ai _baxxe |
|
| 182 | 0 | _an | |
| 200 | 1 |
_aСостояние здоровья: медицинские, социальные и психологические аспекты _eXII международная научно-практическая интернет-конференция, 23-26 ноября 2021 года, г. Чита _e[сборник научных трудов] _fМинистерство науки и высшего образования Российской Федерации, Забайкальский государственный университет, Медицинский университет Семей (г. Семей, Казахстан) _gредакционная коллегия: С. Т. Кохан (отв. редактор) [и др.] |
|
| 203 |
_aТекст _bвизуальный _cнепосредственный |
||
| 210 |
_aЧита _cЗабГУ _d2021 |
||
| 215 |
_a200 с. _cил., портр., табл. _d20 |
||
| 300 | _aЧасть текста казах. | ||
| 300 | _aРез. англ. | ||
| 320 | _aБиблиогр. в конце ст. | ||
| 330 | _aНаучные труды, представленные в сборнике, посвящены различным аспектам состояния здоровья в разрезе актуальных вопросов медицины, социальной работы, психологии и педагогики. Ряд проблем рассматривается с позиции мультидисциплинарного подхода ввиду нахождения на стыке специальностей, что способствует их расширенному пониманию и поиску новых решений. В рамках работы конференции специалисты в сфере науки и практики имеют возможность обмениваться опытом, приходить к единому решению по формированию специальных компетенций, находить новые идеи для совместной деятельности по реализации научных, образовательных и иных проектов. В сборнике размещены материалы авторов из различных регионов России, Украины, Монголии, Белоруссии, Кыргызстана, Казахстана, Болгарии, Китая, Польши, Японии | ||
| 606 | 1 |
_aМедицина _jСъезды, совещания и т.п _9892737 _3RU\NLR\AUTH\662895 |
|
| 606 | 1 |
_aЗдоровье _jСъезды, совещания и т.п _xСоциально-психологические исследования _92072932 _3RU\NLR\AUTH\661247793 |
|
| 686 | 1 | _aР.я431(0) | |
| 686 | 1 | _aЮ948.1-8я431 | |
| 686 | 1 | _aС550.54я431 | |
| 702 | 1 |
_aКохан _bС. Т. _gСергей Тихонович _4340 |
|
| 711 | 1 | 2 |
_a"Состояние здоровья: медицинские, социальные и психологические аспекты", международная научно-практическая интернет-конференция _d12 _eЧита _f2021 _9804868 _3RU\NLR\AUTH\880569257 |
| 712 | 0 | 2 |
_4570 _aЗабайкальский государственный университет _cЧита _9295125 _3RU\NLR\AUTH\8810203600 |
| 712 | 0 | 2 |
_4570 _aМедицинский университет _cСемей _9789223 _3RU\NLR\AUTH\880561017 |
| 942 | _cBOOK | ||
| 980 | _aNB | ||